| 000 | 00677nam a2200205 4500 | ||
|---|---|---|---|
| 999 |
_c170463 _d170463 |
||
| 005 | 20191216151243.0 | ||
| 010 | _aENG-127146 | ||
| 020 |
_a9789353940355 _c575.00 |
||
| 035 | _aEN-110678 | ||
| 037 | _bDBAD/PUB | ||
| 082 | _a658.4 | ||
| 100 | _aThompson, Leigh | ||
| 245 |
_aMaking the team : _cby Leigh L. Thompson _ba guide for managers / |
||
| 250 | _a6th ed. | ||
| 260 |
_aNoida _bPearson India Education _c2020 |
||
| 270 |
_a15th Floor, Tower-b, World Trade Tower, Plot No.-1, Block -C, Sector 16 _bNoida _e201301 |
||
| 300 |
_axviii;459p . _c23cm(pbk) |
||
| 500 | _aIncludes bibliographical references and index | ||
| 942 |
_2ddc _cEN _h658.4 _mTHO |
||